Antitrust policy : (Record no. 9791)
[ view plain ]
| 000 -LEADER | |
|---|---|
| fixed length control field | 00639nam a22002172 4500 |
| 001 - CONTROL NUMBER | |
| control field | 0000023295 |
| 005 - DATE AND TIME OF LATEST TRANSACTION | |
| control field | 20151217152239.0 |
| 008 - FIXED-LENGTH DATA ELEMENTS--GENERAL INFORMATION | |
| fixed length control field | 121019s xx 000 0 eng d |
| 020 ## - INTERNATIONAL STANDARD BOOK NUMBER | |
| International Standard Book Number | 0932790585 : |
| 040 ## - CATALOGING SOURCE | |
| Original cataloging agency | KABU |
| Transcribing agency | KABU |
| 100 1# - MAIN ENTRY--PERSONAL NAME | |
| Personal name | Armentano, D. T. |
| -- | 0000182680 |
| 245 10 - TITLE STATEMENT | |
| Title | Antitrust policy : |
| Remainder of title | the case for repeal / |
| Statement of responsibility, etc. | D. T. Armentano. |
| 250 ## - EDITION STATEMENT | |
| Edition statement | 1st ed. |
| 260 ## - PUBLICATION, DISTRIBUTION, ETC. (IMPRINT) | |
| Place of publication, distribution, etc. | Washington, D. C : |
| Name of publisher, distributor, etc. | Cato, |
| Date of publication, distribution, etc. | 1994. |
| 300 ## - PHYSICAL DESCRIPTION | |
| Extent | ix, 78 p. |
| 650 #0 - SUBJECT ADDED ENTRY--TOPICAL TERM | |
| Topical term or geographic name as entry element | Antitrust law |
| Geographic subdivision | United States. |
| -- | 0000160373 |
| 700 1# - ADDED ENTRY--PERSONAL NAME | |
| Personal name | Armentano, D. T. |
| -- | 0000182680 |
| 908 ## - PUT COMMAND PARAMETER (RLIN) | |
| Put command parameter | 121019 |
| 950 ## - LOCAL HOLDINGS (RLIN) | |
| -- | 1 |
| Withdrawn status | Lost status | Source of classification or shelving scheme | Not for loan | Home library | Current library | Date acquired | Total Checkouts | Full call number | Barcode | Date last seen | Date last checked out | Price effective from | Koha item type |
|---|---|---|---|---|---|---|---|---|---|---|---|---|---|
| Library of Congress Classification | Kabarak, Main Campus | Kabarak, Main Campus | 17/12/2015 | 1 | KF1649 .A76 1986 c.1 | 013735 | 21/09/2018 | 15/09/2018 | 17/12/2015 | General Collection |